00722nam a2200217Ia 4500008004100000020001500041041000800056082002000064100001000084245005400094250001200148260003900160300000900199440001000208500004900218650003000267700001000297906000800307999001700315952017200332230125s9999 xx 000 0 und d a8131402037 aeng a658.312 44bICF aICFAI aCase Studies in human Resource Management : Vol 3 a1st Ed. c2006bICFAI publicationaHyderabad a318p aICFAI aHuman resource management;ICFAI Case Studies aHuman Resource Management aICFAI b112 c85053d85053 00104070aHIMRbHIMRd2006-10-05eICFAI pressg750.00iINVOICE/MNIMR/094l0o658.312 44 ICF B05506pHIMR-BK-5506r2023-01-25 00:00:00v638.00w2006-10-05yBKzB05506